| 000 | 00580nam a2200193 a 4500 | ||
|---|---|---|---|
| 005 | 20240910154751.0 | ||
| 008 | 991125s1986 mx 000 0 spa u | ||
| 020 | _a968837802X | ||
| 035 | _aUPN01000010817 | ||
| 049 | _aCG | ||
| 050 | 4 |
_aN7445.8 W5 _bC668 |
|
| 100 | 1 |
_aWilde, Oscar, _d1854-1900 _928364 |
|
| 245 | 1 | 0 |
_aConferencia a los estudiantes de arte y otros ensayos / _cOscar Wilde ; tr. León Felipe Camino Galicia. |
| 260 |
_aMéxico : _bUNAM, _c1986. |
||
| 300 | _a130 p. | ||
| 440 | 0 | _aTextos de humanidades | |
| 650 | 4 |
_aArte _zGran Bretaña _92483 |
|
| 905 | _aLibro | ||
| 999 |
_c10817 _d10817 |
||